LEADER 01066nam2-2200349---450- 001 990003680710203316 005 20120724151018.0 035 $a000368071 035 $aUSA01000368071 035 $a(ALEPH)000368071USA01 035 $a000368071 100 $a20120724d1960----km-y0itay50------ba 101 0 $aita 102 $aIT 105 $aaf||z|||001yy 200 1 $aLombardia$fRoberto Pracchi 210 $aTorino$cUnione tipografico-editrice torinese$d1960 215 $aXIII, 562 p., [9] carte di tav.$cill.$d29 cm 225 2 $a<> regioni d'Italia$v2 410 0$1001000368069$12001$a<> regioni d'Italia$v, 2 607 $aLombardia$2BNCF 676 $a914.52 700 1$aPRACCHI,$bRoberto$033310 801 0$aIT$bsalbc$gISBD 912 $a990003680710203316 951 $aIII.1. 3656 2(I C Coll. 2/2)$b4363 L.M.$cIII.1.$d00312544 951 $aIII.1. 3656 2a(Coll. GN 2)$b28176 E.C.$cIII.1.$d00312545 959 $aBK 969 $aUMA 979 $aANNAMARIA$b90$c20120724$lUSA01$h1510 996 $aLombardia$9313886 997 $aUNISA LEADER 01844nam 2200397 n 450 001 996384412703316 005 20221107224141.0 035 $a(CKB)4940000000073116 035 $a(EEBO)2240860702 035 $a(UnM)ocm11309859e 035 $a(UnM)11309859 035 $a(OCoLC)11309859 035 $a(EXLCZ)994940000000073116 100 $a19841025d1682 uy 101 0 $aeng 135 $aurbn||||a|bb| 200 14$aThe florists vade-mecum$b[electronic resource] $eBeing a choice compendium of whatever worthy notice hath been extant for the propagation, raising, planting, encreasing and preserving the rarest flowers and plants that our climate and skill (in mixing, making and meliorating apted soils to each species,) will perswade to live with us. With several new experiments for raising new varieties, and for their most advantagious management. In a more particular method than ever yet publish'd: together with the gardiners almanck, remembring and directing him what to do, each month throughout the year, in both orchard and flower-garden. /$fBy Samuel Gilbert, Phileremus 210 $aLondon, $cPrinted for Thomas Simmons at the Princes Arms in Ludgate-street$d1682 215 $a[1]+ p 300 $aFragment: title page only. 300 $aReproduction of original in the British Library. 330 $aeebo-0062 606 $aFlower gardening$zEngland$vEarly works to 1800 606 $aAlmanacs, English$vEarly works to 1800 608 $aTitle pages$zEngland$y17th century. 615 0$aFlower gardening 615 0$aAlmanacs, English 700 $aGilbert$b Samuel$fd. 1692?$01001685 801 0$bCu-RivES 801 1$bCu-RivES 801 2$bCStRLIN 801 2$bCu-RivES 906 $aBOOK 912 $a996384412703316 996 $aThe florists vade-mecum$92331031 997 $aUNISA LEADER 01004nam a22002411i 4500 001 991000312229707536 005 20040809100915.0 008 040920s1997 it |||||||||||||||||ita 035 $ab1320368x-39ule_inst 035 $aARCHE-114992$9ExL 040 $aSet. Economia$bita$cA.t.i. Arché s.c.r.l. Pandora Sicilia s.r.l. 082 04$a334.068 100 1 $aFrascarelli, Mario$0381080 245 10$aFormulario delle società cooperative :$bdalla costituzione della cooperativa alla sua liquidazione passando, naturalmente, attraverso la gestione /$cMario Frascarelli 260 $aMilano :$bFAG,$cc1997 300 $a240 p. ;$c24 cm 650 4$aCooperative$xGestione 907 $a.b1320368x$b02-04-14$c23-09-04 912 $a991000312229707536 945 $aLE025 ECO 334 FRA01.01$g1$i2025000171787$lle025$o-$pE0.00$q-$rl$s- $t0$u2$v1$w2$x0$y.i13858580$z23-09-04 996 $aFormulario delle società cooperative$91103040 997 $aUNISALENTO 998 $ale025$b23-09-04$cm$da $e-$fita$git $h0$i1